=LDR 00000nam 2200000 4500 =001 INLIS000000000055461 =005 20200828080731 =035 ##$$a 0010-0420000140 =007 ta =008 200828################g##########0#ind## =020 ##$$a 979-8681-06-1 =082 ##$$a 2x2.34 =084 ##$$a 2x2.34 DAN s =100 #$$a Danusiri =245 1#$$a Sikap rakyat terhadap penguasa : $b Refleksi hadis /$c Danusiri =260 ##$$a Yogyakarta :$b Ittaqa Press,$c 1997 =300 ##$$a ix, 97 hlm. ; $c 15x21 cm. =504 ##$$a Bibliografi : hlm. 89 - 92 =504 ##$$a Indeks : hlm. 93 - 94 =600 #4$$a Islam - Hadis mengenai sejarah =990 ##$$a 131.770 pro.98 =990 ##$$a 131.772 pro.98 =990 ##$$a DW00026560 =990 ##$$a 139.014/pb-98